000 00791nam a22002537a 4500
999 _c7340
_d7340
003 OSt
005 20211006150723.0
008 211006b ||||| |||| 00| 0 eng d
020 _a9780702035531
040 _cNLM
082 _aQS4 p171a 2012
100 _aPalastanga, Nigel: Soames, Roger
_915041
245 _aAnatomy and human movement :
_bstructure and function.
250 _a6th ed.
260 _aEdinburgh :
_bChurchill Livingstone,
_c 2012
300 _axiii, 620 p. :
_bcol. ill. ;
_c26 cm.
504 _aIncludes index
650 _aHuman mechanics.
_9162
650 _a Human anatomy
_9134
650 _aMusculoskeletal System -- anatomy & histology.
_915042
650 _aMovement
_91347
650 _aNervous System -- anatomy & histology.
_915043
942 _2z
_cBOOK